Normal view
MARC view
Entry Personal Name
001 - CONTROL NUMBER
- control field: 78644
003 - CONTROL NUMBER IDENTIFIER
- control field: dpl
005 - DATE AND TIME OF LATEST TRANSACTION
- control field: 20250225115414.0
008 - FIXED-LENGTH DATA ELEMENTS
- fixed length control field: 250225|| aca||aabn | a|a d
040 ## - CATALOGING SOURCE
- Original cataloging agency: dpl
- Transcribing agency: dpl
100 ## - HEADING--PERSONAL NAME
- Personal name: Kriyananda Swami
670 ## - SOURCE DATA FOUND
- Source citation: Work cat.: (dpl)209716: Kriyananda Swami, Visits to Saints of India/, 2007
